<?xml version="1.0" encoding="UTF-8"?>
<record
    xmlns:xsi="http://www.w3.org/2001/XMLSchema-instance"
    xsi:schemaLocation="http://www.loc.gov/MARC21/slim http://www.loc.gov/standards/marcxml/schema/MARC21slim.xsd"
    xmlns="http://www.loc.gov/MARC21/slim">

  <leader>02329cam a22002178i 4500</leader>
  <datafield tag="999" ind1=" " ind2=" ">
    <subfield code="c">38026</subfield>
    <subfield code="d">38026</subfield>
  </datafield>
  <datafield tag="020" ind1=" " ind2=" ">
    <subfield code="a">9789353281915 (hardcover : alk. paper)</subfield>
  </datafield>
  <datafield tag="041" ind1=" " ind2=" ">
    <subfield code="a">eng-</subfield>
  </datafield>
  <datafield tag="082" ind1="0" ind2="0">
    <subfield code="a">155.9042</subfield>
    <subfield code="b">NAY-A</subfield>
  </datafield>
  <datafield tag="100" ind1="1" ind2=" ">
    <subfield code="a">Nayar, Mahima</subfield>
    <subfield code="e">author.</subfield>
  </datafield>
  <datafield tag="245" ind1="1" ind2="0">
    <subfield code="a">Against all odds :</subfield>
    <subfield code="b">psychosocial distress and healing among women /</subfield>
    <subfield code="c">Mahima Nayar.</subfield>
  </datafield>
  <datafield tag="260" ind1=" " ind2=" ">
    <subfield code="a">New Delhi :</subfield>
    <subfield code="b">SAGE,</subfield>
    <subfield code="c">2019.</subfield>
  </datafield>
  <datafield tag="300" ind1=" " ind2=" ">
    <subfield code="a">xiv, 256p.</subfield>
  </datafield>
  <datafield tag="504" ind1=" " ind2=" ">
    <subfield code="a">Includes bibliographical references and index.</subfield>
  </datafield>
  <datafield tag="505" ind1="0" ind2=" ">
    <subfield code="a">Introduction: so what is abnormal? -- Culture, context and distress -- Finding a way through the labyrinth -- Deconstructing madness : possession and pains -- Women, social structure and distress -- Learning to live alone : paisa, bimari aur jinn -- Conclusion: pathways to health and healing -- Bibliography -- Index -- About the author.</subfield>
  </datafield>
  <datafield tag="520" ind1=" " ind2=" ">
    <subfield code="a">Against All Odds: Psychosocial Distress and Healing among Women uses vivid ethnographic narratives to study linkages between socio-economic conditions and the mental health of women living in low-income neighbourhoods of big cities. After presenting anthropological insights related to the understanding of madness, mental health and mental illness, the author illustrates how the social position of women and factors inherent in urbanism have an impact on the level of psychosocial distress they experience. The book further explores the increasing medicalization of social problems whereby instead of actual problems being addressed, women get &#x2032;treated&#x2032;.

Nayar also takes stock of the different kinds of local &#x2018;healing&#x2019; processes sought by women, and examines how the women&#x2019;s movement and cultural ways of healing have helped women in reducing the distress and violence in their everyday lives. Drawing from the author&#x2019;s ethnographic research in Delhi, the book offers a vital exploration of the interactions between individuals and systems, and argues that an equitable society is what is required to reduce psychosocial distress. This timely book that cuts across disciplinary locations will be of interest to scholars of gender studies, psychology and psychotherapy, social work and anthropology.</subfield>
  </datafield>
  <datafield tag="546" ind1=" " ind2=" ">
    <subfield code="a">English.</subfield>
  </datafield>
  <datafield tag="650" ind1=" " ind2="0">
    <subfield code="a">Stress (Psychology)</subfield>
    <subfield code="z">Developing countries.</subfield>
  </datafield>
  <datafield tag="650" ind1=" " ind2="0">
    <subfield code="a">Poor women</subfield>
    <subfield code="z">Developing countries.</subfield>
  </datafield>
  <datafield tag="650" ind1=" " ind2="0">
    <subfield code="a">Urban poor</subfield>
    <subfield code="z">Developing countries.</subfield>
  </datafield>
  <datafield tag="942" ind1=" " ind2=" ">
    <subfield code="2">ddc</subfield>
    <subfield code="c">BK</subfield>
  </datafield>
  <datafield tag="952" ind1=" " ind2=" ">
    <subfield code="0">0</subfield>
    <subfield code="1">0</subfield>
    <subfield code="4">0</subfield>
    <subfield code="7">0</subfield>
    <subfield code="a">NASSDOC</subfield>
    <subfield code="b">NASSDOC</subfield>
    <subfield code="d">2023-03-16</subfield>
    <subfield code="e">Overseas</subfield>
    <subfield code="g">0.00</subfield>
    <subfield code="l">0</subfield>
    <subfield code="o">155.9042 NAY-A</subfield>
    <subfield code="p">52941</subfield>
    <subfield code="r">2023-05-24 00:00:00</subfield>
    <subfield code="v">0.00</subfield>
    <subfield code="w">2023-05-24</subfield>
    <subfield code="y">BK</subfield>
  </datafield>
</record>
